European Cities More Populous than Athens - Sudden Death - Statistics

General Stats
  • This quiz has been taken 105 times
  • The average score is 5 of 12
Answers on the Grid
Answers color-coded by a green-red scale on the quiz's grid according to % correct below.
Barcelona
Paris
St. Petersburg
Moscow
Manchester
Milan
Madrid
London
Istanbul
Berlin
Naples
Birmingham
Rotterdam
Belgrade
Krakow
Kiev
Sofia
Munich
Malmo
Helsinki
Porto
Zurich
Vienna
Bucharest
Rostov-on-Don
 
Answer Stats
Answer % Correct
London
65%
Istanbul
55%
Berlin
50%
Madrid
50%
Paris
50%
Moscow
45%
St. Petersburg
45%
Milan
30%
Barcelona
25%
Naples
20%
Birmingham
10%
Manchester
10%
No matching quizzes found
Score Distribution
Percent of People with Each Score
Percentile by Number Answered
Your Score History
You have not taken this quiz